header

Brief cognitive behavior therapy (Record no. 72953)

MARC details
000 -LEADER
fixed length control field 01145nam a2200301Ia 4500
100 1# - MAIN ENTRY--AUTHOR NAME
Personal name Curwen, Berni.
245 10 - TITLE STATEMENT
Title Brief cognitive behavior therapy
260 ## - PUBLICATION, DISTRIBUTION, ETC. (IMPRINT)
Place of publication London ;
-- Thousand Oaks :
Name of publisher SAGE,
Year of publication 2000.
300 ## - PHYSICAL DESCRIPTION
Number of Pages x, 190 p.
650 #0 - SUBJECT ADDED ENTRY--TOPICAL TERM
Topical Term Brief psychotherapy.
Topical Term Cognitive therapy.
700 1# - ADDED ENTRY--PERSONAL NAME
Personal name Palmer, Stephen.
Personal name Ruddell, Peter.
856 40 - ELECTRONIC LOCATION AND ACCESS
Uniform Resource Identifier http://site.ebrary.com/lib/rucke/Doc?id=10076717

No items available.

© 2026 Rongo University
Contact us: librarian | system librarian | Rongo university